| 000 | 00628cam a22002174a 4500 | ||
|---|---|---|---|
| 001 | 13892810 | ||
| 003 | OSt | ||
| 005 | 20150720095051.0 | ||
| 008 | 050308s2004 cau b 001 0 eng | ||
| 020 | _a0967953634 (pbk.) | ||
| 040 | _aSEKU | ||
| 050 | 0 | 0 |
_aRB 152.7 _b.K3 |
| 100 | 1 | _aKaires, Pamela A. | |
| 245 | 1 | 0 |
_aSaddam's smoking gun / _cPamela A. Kaires. |
| 260 |
_aSan Diego : _bbut but Publications, _cc2004. |
||
| 300 |
_a224 p. ; _c23 cm. |
||
| 504 | _aIncludes bibliographical references and index. | ||
| 650 | 0 |
_aPersian Gulf syndrome _xDiagnosis. |
|
| 650 | 0 |
_aPersian Gulf syndrome _xEtiology. |
|
| 942 |
_2lcc _cGEN |
||
| 999 |
_c6301 _d6301 |
||